| 000 | 01334nam a2200349Ia 4500 | ||
|---|---|---|---|
| 001 | ebr10135730 | ||
| 003 | CaPaEBR | ||
| 006 | m u | ||
| 007 | cr cn||||||||| | ||
| 008 | 050316s2005 nyua sb 001 0 eng d | ||
| 010 | _z 2005046427 | ||
| 020 | _z1403982112 | ||
| 020 | _z140396985X | ||
| 020 | _z1403969868 (pbk.) | ||
| 040 |
_aCaPaEBR _cCaPaEBR |
||
| 035 | _a(OCoLC)560470962 | ||
| 050 | 1 | 4 |
_aJA66 _b.S46 2005eb |
| 100 | 1 | _aShivakumar, Sujai. | |
| 245 | 1 | 4 |
_aThe constitution of development _h[electronic resource] : _bcrafting capabilities for self-governance / _cSujai Shivakumar. |
| 250 | _a1st ed. | ||
| 260 |
_aNew York : _bPalgrave Macmillan, _c2005. |
||
| 300 |
_axii, 180 p. : _bill. |
||
| 504 | _aIncludes bibliographical references (p. [135]-175) and index. | ||
| 533 |
_aElectronic reproduction. _bPalo Alto, Calif. : _cebrary, _d2009. _nAvailable via World Wide Web. _nAccess may be limited to ebrary affiliated libraries. |
||
| 650 | 0 | _aPolitical science. | |
| 650 | 0 | _aState, The. | |
| 650 | 0 |
_aPolitical development _vCase studies. |
|
| 650 | 0 |
_aEconomic development _vCase studies. |
|
| 655 | 7 |
_aElectronic books. _2local |
|
| 710 | 2 | _aebrary, Inc. | |
| 856 | 4 | 0 |
_uhttp://site.ebrary.com/lib/rucke/Doc?id=10135730 _zAn electronic book accessible through the World Wide Web; click to view |
| 999 |
_c189329 _d189329 |
||